000 00454nam a2200205Ia 4500
005 20251020182544.0
008 200515s9999 xx 000 0 und d
082 _a747/A81
100 _aASENSIO CERVER, Francisco
245 0 _aInteriores bien decorados
250 _a2a ed.
260 _aBarcelona
260 _c1979
300 _a151
500 _a1 ejemplar
650 _aDECORACION
650 _aINTERIORES
650 _aLIB
942 _cLIB
999 _c2486
_d2486